Retos de la postmodernidad: ciencias sociales y humanas
Zapisane w:
| Główni autorzy: | , |
|---|---|
| Format: | Książka |
| Język: | hiszpański |
| Wydane: |
Madrid
Trotta
1999
|
| Seria: | Colección Estructuras y Procesos. Serie Ciencias Sociales
|
| Hasła przedmiotowe: | |
| Etykiety: |
Dodaj etykietę
Nie ma etykietki, Dołącz pierwszą etykiete!
|
MARC
| LEADER | 00000nam a2200000 a 4500 | ||
|---|---|---|---|
| 001 | UCN8562 | ||
| 003 | CL-VaPUC | ||
| 008 | 011116e19990000SP |||||||||||||||||spa|d | ||
| 082 | 0 | 4 | |a 300.1 |b GAR |2 21 |
| 100 | |a García Selgas, Fernando J |e author |9 586268 | ||
| 700 | 0 | |a Monleón, José B |e author |9 464836 | |
| 245 | 1 | 0 | |a Retos de la postmodernidad: ciencias sociales y humanas |
| 300 | |a 327 p | ||
| 942 | |c BK | ||
| 945 | |d 20011116 00:00:00 |a cmena | ||
| 260 | |a Madrid |b Trotta |c 1999 | ||
| 650 | 0 | |a Filosofía de las ciencias sociales |9 268057 | |
| 650 | 0 | |a Cambio social |9 256857 | |
| 650 | 0 | |a Problemas sociales |9 258537 | |
| 650 | 0 | |a Feminismo |9 259085 | |
| 650 | 0 | |a Sociedad del conocimiento |9 464837 | |
| 650 | 0 | |a Desarrollo económico y social |9 256320 | |
| 583 | |a last modification |c 20011116 00:00:00 |k Rodrigo Vera | ||
| 490 | 0 | |a Colección Estructuras y Procesos. Serie Ciencias Sociales | |
| 999 | |c 298399 |d 298397 | ||
| 952 | |0 0 |1 2 |4 0 |6 300_100000000000000_GAR_1999 |7 0 |8 A |9 353941 |a BIBTEO |b BIBTEO |d 2019-11-21 |i 3773086 |o 300.1 GAR 1999 |p 3773086 |r 2019-11-21 |w 2019-11-21 |y BK |k ICR | ||
| 952 | |0 0 |1 0 |4 0 |6 300_100000000000000_GAR_1999 |7 0 |8 A |9 353942 |a BIBTEO |b BIBTEO |d 2019-11-21 |i 3843807 |o 300.1 GAR 1999 |p 3843807 |r 2025-01-17 |w 2019-11-21 |y BK |k ICR | ||